Music Quiz

Random Music or This or That Quiz

Which Album Was Released First? Quiz Stats

Quiz Updated Oct 19, 2015

Challenge
Share
Tweet
Embed
Score 0/30 Timer 04:00
2 Plays Today
Artist and Albums A or B? % Correct
Adele
A: 19  B: 21
???
82.9%
Eminem
A: Relapse  B: The Eminem Show
???
75.4%
Madonna
A: Like a Prayer  B: Like a Virgin
???
73.5%
Nirvana
A: Nevermind  B: In Utero
???
73.1%
Michael Jackson
A: Off the Wall  B: Thriller
???
72%
Taylor Swift
A: 1989  B: Red
???
71.7%
Black Sabbath
A: Born Again  B: Paranoid
???
71.3%
Kanye West
A: Yeezus  B: Late Registration
???
69.7%
Prince (and The Revolution)
A: Purple Rain  B: Sign o' The Times
???
69.6%
Ed Sheeran
A: +  B: x
???
69.2%
Coldplay
A: Mylo Xyloto  B: X & Y
???
68.6%
Gorillaz
A: Demon Days  B: Plastic Beach
???
67.4%
Metallica
A: Ride the Lightning  B: ...and Justice For All
???
64.9%
Led Zeppelin
A: Houses of the Holy  B: Physical Graffiti
???
64.8%
Pink Floyd
A: The Wall  B: Animals
???
63.7%
Artist and Albums A or B? % Correct
The Who
A: Who's Next  B: Quadrophenia
???
62.3%
The Beatles
A: Revolver  B: Rubber Soul
???
60.7%
Radiohead
A: Kid A  B: OK Computer
???
60.5%
David Bowie
A: ''Heroes''  B: Diamond Dogs
???
60.4%
The Rolling Stones
A: Let it Bleed B: Sticky Fingers
???
60.2%
Eagles
A: Desperado  B: Hotel California
???
58.3%
Bob Dylan
A: Highway 61 Revisted  B: Blonde on Blonde
???
57.5%
The Doors
A: L.A. Woman  B: Strange Days
???
54.7%
Iron Maiden
A: Powerslave  B: Killers
???
54.7%
Stevie Wonder
A: Innervisions  B: Songs in the Key of Life
???
52.6%
Neil Young
A: After the Gold Rush  B: Harvest
???
52.4%
Genesis
A: Duke  B: Nursery Cryme
???
50.9%
The Smiths
A: Meat is Murder  B: The Queen is Dead
???
49.6%
U2
A: The Joshua Tree  B: The Unforgettable Fire
???
49%
Queen
A: A Night at the Opera  B: Sheer Heart Attack
???
46.5%

You're not logged in!

Compare scores with friends on all Sporcle quizzes.
Sign Up with Email
OR
Log In

You Might Also Like...

Show Comments

Extras

Top Quizzes Today


Score Distribution

Your Account Isn't Verified!

In order to create a playlist on Sporcle, you need to verify the email address you used during registration. Go to your Sporcle Settings to finish the process.